00431nam a22001217a 4500082001500000100001300015245006000028260003200088300002100120500006600141700004600207856005600253 aBESE-1 UZM aUzma Mir aGeneric security services for light weight VOIP clients aIslamabadbNUST-SEECSc2014 a57b25cmeCD ROM aSupervisors: Dr. Abdul Ghafoor, Mr. Muhammad Qaisar Chaudhary aHijab Nazir, Muhammad Tahaa Suhail Maniar uhttp://10.250.8.41:8080/xmlui/handle/123456789/8378